00728nam a2200181 4500001000700000003000900007005001700016007000300033008004100036100003200077245008300109260008600192300002200278710007300300852003200373999001900405952012200424143298ES-MaACL20230906200756.0t|070214s1969 sp r ||||1| spa d1 aSerra Ruiz, Rafael.910565710aHonor, honra e injuria en el Derecho medieval español / cRafael Serra Ruiz. aMurcia : bUniversidad, Departamento de Historia del Derecho, c1969 (fNogués) a306 p. ; c25 cm.2 aUniversidad de Murcia. bDepartamento de Historia del Derecho.97238 aES-MaACLjC-37719 bR.72437 c143298d143298 00104070aATENEOMbATENEOMcDEPO2d2008-01-17eSCl0oC-37719p1149093r2023-02-23 00:00:00w2023-02-23yMONOGRAFIA